Loading...
| Current Events | 2 | 25.00 | 100% | 100% | 50% |
| Fine Arts - Classical Music | 8 | 16.25 | 88% | 75% | 0% |
| Fine Arts - Other Fine Arts | 4 | 10.00 | 75% | 25% | 0% |
| Geography | 2 | 25.00 | 100% | 100% | 50% |
| History - American History | 6 | 18.33 | 100% | 83% | 0% |
| History - European History | 4 | 25.00 | 100% | 100% | 50% |
| History - Other History | 6 | 15.00 | 83% | 50% | 17% |
| History - World History | 6 | 18.33 | 83% | 67% | 33% |
| Literature - American Literature | 5 | 12.00 | 100% | 20% | 0% |
| Literature - British Literature | 6 | 18.33 | 67% | 100% | 17% |
| Literature - European Literature | 4 | 12.50 | 100% | 25% | 0% |
| Literature - World Literature | 6 | 15.00 | 100% | 50% | 0% |
| Mythology | 4 | 20.00 | 100% | 75% | 25% |
| Painting/Sculpture | 6 | 13.33 | 100% | 33% | 0% |
| Philosophy | 7 | 14.29 | 100% | 43% | 0% |
| Pop Culture | 3 | 20.00 | 100% | 67% | 33% |
| Religion | 4 | 17.50 | 100% | 75% | 0% |
| Science - Biology | 7 | 18.57 | 100% | 71% | 14% |
| Science - Chemistry | 5 | 18.00 | 100% | 40% | 40% |
| Science - Other Science | 4 | 20.00 | 100% | 100% | 0% |
| Science - Physics | 5 | 20.00 | 100% | 80% | 20% |
| Social Science | 2 | 15.00 | 100% | 50% | 0% |